EL PRINCIPE/

Kaydedildi:
Detaylı Bibliyografya
Yazar: Maquiavelo, Nicolás (autor)
Materyal Türü: Kitap
Seri Bilgileri:SEPAN CUANTOS; 152
Konular:
Etiketler: Etiketle
Etiket eklenmemiş, İlk siz ekleyin!

MARC

LEADER 00000nam^a2200000^a^4500
001 000227703
005 20250521000000.0
009 20260310104254.12
035 |a 046643 
037 |a Acervo Xavier Clavigero 
082 |a 320. 01  |b MAQ 
100 |a Maquiavelo, Nicolás  |e (autor) 
245 1 3 |a EL PRINCIPE/  |c NICOLAS MAQUIAVELO 
264 |a MEXICO :  |b PORRUA,  |c 1970 
300 |a LIII, 53p. 
336 |a texto  |b txt  |2 rdacontenido 
337 |a sin mediación  |b n  |2 rdamedio 
338 |a volumen  |b nc  |2 rdasoporte 
440 |a SEPAN CUANTOS;  |v 152 
649 |a XX 
650 |a Filosofía Política 
910 |a Fondo General 
920 |a Impresos - Libros 
930 |a Colección General 
940 |a Literatura 
905 |a 101 
901 |a 046643  |b IT1  |c LIT  |i 046643  |u 20250521 
902 |a https://opac.biblio.iteso.mx/vufind/Record/000227703